| 000 | 00774nam a2200277Ia 4500 | ||
|---|---|---|---|
| 005 | 20250425162629.0 | ||
| 008 | 250425s9999 xx 000 0 und d | ||
| 020 | _a9879406893 | ||
| 041 | _aspa | ||
| 043 | _aag | ||
| 082 |
_a621.319 13 _pTOR |
||
| 100 | _aTorresi, Alberto A. | ||
| 245 | 0 |
_aSobretensiones _bCoordinación de la aislación _cAlberto A. Torresi |
|
| 250 | _aPrimera ed. | ||
| 260 |
_aArgentina _bUniversitas _c2005 |
||
| 300 |
_a116 p. _bIlustrado _c25 cm |
||
| 500 | _aESPOL-TECH | ||
| 500 | _aIncluye tabla de contenido, bibliografía | ||
| 650 | _aAislación | ||
| 650 | _aDescargas eléctricas | ||
| 650 | _aDispositivos de protección | ||
| 650 | _aSobretensiones | ||
| 902 |
_aMonográfico _cImpreso |
||
| 942 | _c01 | ||
| 010 | _a91459 | ||
| 999 |
_c233227 _d233227 |
||